| 000 | 01583nam a2200301Ia 4500 | ||
|---|---|---|---|
| 001 | 63003 | ||
| 003 | IT-RoPAU | ||
| 008 | 130308s9999 xx 000 0 und d | ||
| 040 | _aIT-RoPAU | ||
| 040 | _cIT-RoPAU | ||
| 041 | _aITALIANO | ||
| 100 | _aFranchini Enzo | ||
| 100 | _gCodice Aut. SPICS: 10050 | ||
| 245 | _aRinnovamento della pastorale (Il)-Guida alla lettura della pastorale Cei 1970-1985 | ||
| 245 | _bRinnovamento della Pastorale (Il)-Guida Alla Lettura della Pastorale Cei 1970-1985 | ||
| 250 | _a1a ed. | ||
| 260 | _aBOLOGNA | ||
| 260 | _bEDB - Edizioni Dehoniane | ||
| 260 | _c1986 [1° Ed.:1986 - Ed.Ling.Originale:1986] | ||
| 300 | _a"158 p. (prefazione: no ; testo: 158)" | ||
| 500 | _aEvangelizzazione Sacramenti promozione Umana Chiesa nel Mondo Concilio e Post Concilio Spiritualismo e Presenzialismo Origini della scelta Italiana Cristianità Democrazia Cristiana forza Politica della fede Documenti Romaniriflessione Italiana domanda dal basso rinnovamento della catechesi impegno della Vita Come verifica del Messaggio itinerario della Vita Cristiana Annuncio catechesi Liturgia Laici e Clericalismo comunione Comunità Riconciliazione Chiesa Tutta Ministeriale Unicità della missione Chiesa Italiana e prospettive del paese Chiesa in Italia Dopo Loreto dal pluralismo Alla Riconciliazione dal Clericalismo Alla Laicità Dalla Pastorale Alla missione Cronistoria della conferenza Episcopale Italiana | ||
| 650 | _aTEORIA PASTORALE | ||
| 650 | _eCodice materia Spics: 9301 | ||
| 942 | _cBK | ||
| 957 | _71 | ||
| 999 |
_c76002 _d76002 |
||
| 999 | _bSI | ||
| 999 | _g1 | ||